000 00931nam a2200253Ia 4500
003 OSt
005 20220923222236.0
006 a|||||r|||| 00| 0
007 ta
008 220922b |||||||| |||| 00| 0 ben d
024 _a203,928
037 _cTextual
040 _aARTS
_cARTS
_bben
041 _2ben
_aben
082 _aO157,3N35,5, 152N3
100 _aगंगोपाध्याय, सुनील; प्रकाश, प्रियदर्शी, अनु.
_9166412
245 0 _aजयापीड़
246 _aJayāpīड़
260 _aदिल्ली
_b शुभकामना
_c1993
300 _a192पृ0
_ccm.
650 _aबंगाली साहित्य
_9156264
942 _hO157,3N35,5, 152N3
_cTEXL
_2CC
999 _c354678
_d354678